|
|
|
|
| LEADER |
00000nam a2200000 a 4500 |
| 001 |
vtls001086712 |
| 003 |
SK-MaSNL |
| 005 |
20260301153326.0 |
| 008 |
250414s1985 xo 0 cze |
| 015 |
|
|
|a SNBA1986/01
|
| 035 |
|
|
|a SNK000029552
|
| 040 |
|
|
|a SNK
|b slo
|c SNK
|e AACR2
|
| 041 |
0 |
|
|a cze
|
| 044 |
|
|
|a xo
|c SK
|
| 080 |
|
|
|a 656.22(075.8)
|2 1981
|
| 100 |
1 |
|
|a Flodr, František,
|d 1931-
|4 aut
|9 48101
|
| 245 |
1 |
0 |
|a Dopravní provoz železnic 2
|b Vlakotvorba
|c František Flodr, Vlastislav Mojžíš
|
| 250 |
|
|
|a 1. vyd.
|
| 260 |
|
|
|a Bratislava
|b Alfa
|a S.l.
|b VŠDS v Žiline [vyd.]
|c 1985
|e Nitra
|f Nitrianske tlačiarne
|
| 300 |
|
|
|a 336 s., 25,22 AH
|b Tb. Sch.
|c 29 cm
|
| 366 |
|
|
|e 500 výtl.
|
| 500 |
|
|
|a Lit. 53. Text čes. Schválil Rektorát VŠDS v Žiline. 53 zázn. v slov., češ., nem. a angl.
|
| 700 |
1 |
|
|a Mojžíš, Vlastislav,
|d 1942-
|4 aut
|9 117897
|
| 852 |
|
|
|a Slovenská národná knižnica
|
| 954 |
|
|
|a doprava železničná
|a vlakotvorba
|
| 958 |
|
|
|a OND
|
| 958 |
|
|
|a CZ
|
| 958 |
|
|
|a TL
|
| 958 |
|
|
|a UV
|
| 958 |
|
|
|a NB
|
| 999 |
|
|
|c 792467
|d 794397
|
| 952 |
|
|
|a SNK
|b SNK
|y PREZ
|7 0
|p 17A0791465
|o snkSB 37484/2
|i snkKSP 9791/85
|0 0
|1 0
|4 0
|d 2012-04-24
|f 1
|l 0
|r 2025-04-16 00:00:00
|w 2026-02-24
|
| 952 |
|
|
|a SNK
|b SNK
|y PREZ
|7 0
|p 17A1052675
|o snkSB 37484/2 príl.
|i snkKSP 9791/85
|3 Príloha: voľné listy (43) s.
|z Príloha: voľné listy (43) s.
|0 0
|1 0
|4 0
|d 2013-05-03
|l 0
|r 2025-04-16 00:00:00
|w 2026-02-24
|
| 952 |
|
|
|t P60, <04>, [BOOK], {604}
|a SNK
|b SNK
|y VYP
|7 0
|p 17A0012383
|o snkSB 37484/2 D1
|0 0
|1 0
|4 0
|d 1996-10-07
|l 0
|r 2004-12-31 00:00:00
|w 2026-02-24
|